Madame bovary /

Guardado en:
Autor Principal: Flaubert, Gustave (1821-1880)
Formato: Libro
Publicado: Madrid : Club Internacional del Libro, 1998
Materias:
Etiquetas: Agregar Etiqueta
Sin Etiquetas, Sea el primero en etiquetar este registro!
LEADER 00575nam a22002055a 4500
001 CEM.cems015871
005 20121122175626.0
008 130507s1998##################000#0#####d
003 CEMS
020 |a 8482651773 
082 0 4 |a 843.8 
100 1 |a Flaubert, Gustave (1821-1880) 
245 1 0 |a Madame bovary /  |c Gustave Flaubert 
260 |a Madrid :  |b Club Internacional del Libro,  |c 1998 
300 |a 351 p. 
653 |a Literatura 
653 |a Novela francesa 
653 |a Literatura francesa 
653 |a Novela 
859 |a CEMS  |b BIB. CEMS - Agricultura  |h 843.8  |i F617  |p A0139.00  |t Ej.1